000 00672nam a2200241Ia 4500
003 OSt
005 20221007072852.0
006 a|||||r|||| 00| 0
007 ta
008 221006b |||||||| |||| 00| 0 eng d
024 _a9,581
037 _cReference Collections
040 _aFLL
_cFLL
_beng
041 _2eng
_aeng
082 _aZ2,8e, M4
100 _aAnnand Ruth Au.
_9691532
245 0 _aModern conveyancing
260 _aLondon
_bSweet and maxwell London
_c1984
300 _a513p
_ccm.
700 _a Cain Brian Au.
_9691533
942 _hZ2,8e, M4
_cREF
_2CC
999 _c1147142
_d1147142